Indépendances d'Afrique - Statistiques

Statistiques générales
  • Ce quiz a été pris 69 fois
  • Le résultat moyen est 83 sur 104
Statistiques - réponses
Hint Réponse % Correct
Algérie | Burkina Faso | Bénin | +16 others France
95%
Maroc France/Espagne
95%
Afrique du Sud | Botswana | Egypte | +14 others Royaume-uni
93%
Soudan Royaume-uni/Egypte
93%
Somalie Royaume-uni/Italie
93%
Algérie | Burundi | Ouganda | Rwanda 1962
89%
Burundi | RDC | Rwanda Belgique
88%
Angola | Cap Vert | Guinée Bissau | +2 others Portugal
84%
Libye Italie
82%
Burkina Faso | Bénin | Cameroun | +14 others 1960
81%
Maroc | Tunisie 1956
77%
Guinée équatoriale Espagne
77%
Angola | Cap Vert | Comores | +2 others 1975
70%
Guinée 1958
68%
Sierra Leone | Tanzanie 1961
67%
Soudan du Sud Soudan
65%
Ghana 1957
63%
Guinée Bissau 1973
63%
Libye 1951
61%
Malawi | Zambie 1964
61%
Kenya 1963
60%
Gambie 1965
60%
Eswatini | Guinée équatoriale | Maurice 1968
60%
Djibouti 1977
60%
Zimbabwe 1980
56%
Namibie 1990
56%
Botswana | Lesotho | Soudan 1966
54%
Seychelles 1976
54%
Soudan du Sud 2011
54%
Érythrée Éthiopie
53%
Érythrée 1993
47%
Namibie Afrique du Sud
47%
Egypte 1922
33%
Afrique du Sud 1931
21%
Aucun quiz correspondant
Distribution des résultats
% des personnes avec chaque résultat
Percentile par nombre de réponses
Votre historique - résultats
Vous n’avez pas pris ce quiz